| 000 | 00386nam a2200109Ia 4500 | ||
|---|---|---|---|
| 008 | 160909s9999 xx 000 0 und d | ||
| 100 | _aAlmalki, Abdullah Mohammed. | ||
| 245 | 2 | _aA survey of Saudis' behaviors toward twitter as a news gathering tool | |
| 260 |
_bArkansas State University _c2016 |
||
| 650 | _aMASS COM | ||
| 856 | _uhttp://pqdtopen.proquest.com/doc/1780569741.html?FMT=ABS | ||
| 999 |
_c304164 _d304164 |
||